MY FAVORITE TOP 30 WWE SUPERTAR - Statistiques

Statistiques générales
  • Ce quiz a été pris 1 027 fois
  • Le résultat moyen est 8 sur 20
Statistiques - réponses
NUMBER SUPERSTAR % Correct
7 Randy Orton
75%
9 Roman Reigns
75%
15 Undertaker
73%
13 Rey Mysterio
68%
6 Edge
60%
11 Dean Ambrose
47%
5 AJ Styles
41%
17 Hulk Hogan
40%
18 Sheamus
38%
10 Daniel Bryan
34%
1 Drew McIntyre
34%
2 Kevin Owens
34%
16 Stone Cold
33%
8 Big E
28%
20 Christian
25%
3 Braun Strowman
22%
14 Shinsuke Nakamura
19%
4 The Fiend
13%
19 Keith Lee
6%
12 Murphy
2%
Aucun quiz correspondant
Distribution des résultats
% des personnes avec chaque résultat
Percentile par nombre de réponses
Votre historique - résultats
Vous n’avez pas pris ce quiz